000 00937nam a22002897a 4500
001 BR7101032
003 BR-BrBNA
005 20230928083726.0
007 ta
008 230509b bl.||||| |||| 00| 0 por d
040 _aBR-BrBNA
_bpor
_cBiblioteca Nacional de Agricultura
041 _a(Por)
072 _aE70
090 _ E70 BR7101032
110 1 _aDepartamento das Municipalidades, Caldas do Jorro, BA (Brasil). Div. de Assistencia as Estancias Hidrominerais
245 1 _aCaldas do Jorro - Central de abastecimento [produto alimenticio, comercializacao, entreposto, Bahia, Brasil]
260 3 _aCaldas do Jorro, BA (Brasil):
_c[nd].
300 _a30 p.
500 _a14 illus.; 9 Maps, scale 1:50; Published after 1970
650 _aALIMENTO
650 _aABASTECIMENTO
650 _aENTREPOSTO
650 _aPROJETO DE DESENVOLVIMENTO
650 _aBAHIA
909 _a202309
_bLucia
_c55
_dLucia Elande
942 _cBK
999 _c14949
_d14949